| 000 | 00494nam a2200169 i 4500 | ||
|---|---|---|---|
| 001 | bg | ||
| 100 | 1 | _aGóral, Władysław. | |
| 245 | 1 | 0 |
_aTematy egzaminów wstępnych z fizyki z rozwiązaniami 1972-1978 / _cW[ładysław] Góral, T[adeusz] Stanisz. |
| 260 |
_aWarszawa : _bPWN, _c1979. |
||
| 300 |
_as. 675, nlb. 1 : _brys. |
||
| 700 | 1 | _aStanisz, Tadeusz. | |
| 040 | _cBPK | ||
| 041 | _apol | ||
| 080 | _a53:378.2:371.2(438)(076) | ||
| 942 | _cKS | ||
| 008 | s pl f |000 0 pol | ||
| 999 |
_c803 _d803 |
||
| 856 |
_uhttp://koha.tu.koszalin.pl/cgi-bin/koha/opac-detail.pl?biblionumber=803 _yKatalog online BPK |
||